Курс практической психологии, или как научиться работать и добиваться успеха (Запись № 750489)

Подробности
000 -МАРКЕР
контрольное поле 02692nam0a2200433 4500
001 - ИДЕНТИФИКАТОР ЗАПИСИ
контрольное поле RU\NLR\bibl\739076
005 - ИДЕНТИФИКАТОР ВЕРСИИ
контрольное поле 20260406143351.0
010 ## - МЕЖДУНАРОДНЫЙ СТАНДАРТНЫЙ НОМЕР КНИГИ (ISBN)
Номер (ISBN) 5-462-00272-6
Уточнения в пер.
021 ## - НОМЕР ГОСУДАРСТВЕННОЙ РЕГИСТРАЦИИ
Код страны Российская Федерация
Номер 2004-61950
Номер Листа государственной регистраци 3044
035 ## - ДРУГИЕ СИСТЕМНЫЕ НОМЕРА
Идентификатор записи RSL-KNO-002485051
035 ## - ДРУГИЕ СИСТЕМНЫЕ НОМЕРА
Идентификатор записи (NLR Aleph) 000728977
100 ## - ДАННЫЕ ОБЩЕЙ ОБРАБОТКИ
Данные общей обработки 20041006d2004 |||y0rusy50 ca
101 0# - ЯЗЫК РЕСУРСА
Язык текста, звукозаписи и т.д. русский
102 ## - СТРАНА ПУБЛИКАЦИИ ИЛИ ПРОИЗВОДСТВА
Страна публикации Российская Федерация
105 ## - ПОЛЕ КОДИРОВАННЫХ ДАННЫХ: ТЕКСТОВЫЕ МАТЕРИАЛЫ, МОНОГРАФИЧЕСКИЕ
Кодированные данные о монографическом текстовом документе a |||||||||
106 ## - ПОЛЕ КОДИРОВАННЫХ ДАННЫХ: ТЕКСТОВЫЕ РЕСУРСЫ – ФОРМА
Форма ресурса: кодированные данные: обозначение носителя r
200 1# - ЗАГЛАВИЕ И СВЕДЕНИЯ ОБ ОТВЕТСТВЕННОСТИ
Основное заглавие Курс практической психологии, или как научиться работать и добиваться успеха
Сведения, относящиеся к заглавию для высш. упр. персонала
-- учеб. пособие
Первые сведения об ответственности Центр нравств. воспитания "Фонд" [и др.]
Последующие сведения об ответственности [авт.-сост. Р. Р. Кашапов]
210 ## - ПУБЛИКАЦИЯ, РАСПРОСТРАНЕНИЕ И ДР.
Место издания, распространения и т.д. М.
Имя издателя, распространителя и т. д. АСТ-ПРЕСС КНИГА
Дата издания, распространения и т.д. 2004
Имя изготовителя Твер. полигр. комб. дет. лит.
215 ## - ФИЗИЧЕСКАЯ ХАРАКТЕРИСТИКА
Специфическое обозначение материала и объем 443, [1] с.
Другие сведения о физической характеристике ил., табл.
Размеры 22
225 1# - СЕРИЯ
Основное заглавие серии Серия "Практическая психология"
300 ## - ОБЩИЕ ПРИМЕЧАНИЯ
Текст примечания На обл. в подзаг.: Как найти выход из безвыход. ситуации, как меньше делать, но больше успевать, как изменить дела к лучшему, как читать человека, словно кн.
300 ## - ОБЩИЕ ПРИМЕЧАНИЯ
Текст примечания В надзаг. также: Высш. колледж предпринимательства и права, Науч.-внедрен. фирма "Психолог"
517 0# - ДРУГИЕ ВАРИАНТЫ ЗАГЛАВИЯ
Вариант заглавия Как научиться работать и добиваться успеха
606 1# - НАИМЕНОВАНИЕ ТЕМЫ КАК ПРЕДМЕТ
Наименование темы Руководитель
Формальный подзаголовок Руководства, пособия и т.п.
Тематический подзаголовок Управленческая деятельность
Системный номер авторитетной/нормативной записи 2214571
Идентификатор авторитетной/нормативной записи RU\NLR\auth\661330168
606 1# - НАИМЕНОВАНИЕ ТЕМЫ КАК ПРЕДМЕТ
Наименование темы Руководители
Формальный подзаголовок Учебные издания
Тематический подзаголовок Управленческая деятельность
Системный номер авторитетной/нормативной записи 2182530
Идентификатор авторитетной/нормативной записи RU\NLR\auth\661312384
610 0# - НЕКОНТРОЛИРУЕМЫЕ ПРЕДМЕТНЫЕ ТЕРМИНЫ
Предметный термин Психология --Отраслевая психология -- Практическая (консультативная) психология -- Учебник для высшей школы
686 ## - ИНДЕКСЫ ДРУГИХ КЛАССИФИКАЦИЙ
Индекс Ю949.2я73-1
Код системы
686 ## - ИНДЕКСЫ ДРУГИХ КЛАССИФИКАЦИЙ
Индекс Ю941.196я7
686 ## - ИНДЕКСЫ ДРУГИХ КЛАССИФИКАЦИЙ
Индекс С550.372.2я7
701 #1 - ИМЯ ЛИЦА - АЛЬТЕРНАТИВНАЯ ОТВЕТСТВЕННОСТЬ
Код отношения Составитель
Материалы, к которым относится поле rus
Графика поля Кириллица
Начальный элемент ввода Кашапов
Часть имени, кроме начального элемента ввода Р. Р.
Даты 1958-
Расширение инициалов личного имени Раиль Рифкатович
Идентификатор авторитетной/нормативной записи RU\NLR\auth\7747709
Системный номер авторитетной/нормативной записи 30644
712 02 - НАИМЕНОВАНИЕ ОРГАНИЗАЦИИ - ВТОРИЧНАЯ ОТВЕТСТВЕННОСТЬ
Код отношения Прочие
Начальный элемент ввода "Фонд", центр нравственного воспитания
Идентифицирующий признак Ижевск
Идентификатор авторитетной/нормативной записи RU\NLR\AUTH\889922547
Системный номер авторитетной/нормативной записи 341076
801 #0 - ИСТОЧНИК ЗАПИСИ
Страна Российская Федерация
Организация RuMoRKP
Дата составления 20041006
Правила каталогизации rcr
801 #1 - ИСТОЧНИК ЗАПИСИ
Страна Российская Федерация
Организация RuMoRGB
Дата составления 20041006
801 #2 - ИСТОЧНИК ЗАПИСИ
Страна Российская Федерация
Организация NLR
Дата составления 20050323
Правила каталогизации PSBO
830 ## - ОБЩЕЕ ПРИМЕЧАНИЕ, СОСТАВЛЕННОЕ КАТАЛОГИЗАТОРОМ
Текст примечания Сост. по кн.
942 ## - ДОПОЛНИТЕЛЬНЫЕ ЭЛЕМЕНТЫ ЗАПИСИ (АБИС)
Тип экземпляра АБИС Книга
980 ## - КОЛЛЕКЦИЯ
Название коллекции Национальная библиография
Экземпляры
Тип экземпляра Дата поступления Источник поступления Библиотека постоянного хранения Библиотека текущего хранения Место хранения Шифр хранения Штрих-код Статус экземпляра
Книга 23.03.2005 Обязательный экземпляр РНБ (Московский) РНБ (Московский) Русский книжный фонд: издания с 1957 года 2005-5/1688 1-954827  
Книга 23.03.2005 Обязательный экземпляр РНБ (Московский) РНБ (Московский) Русский книжный фонд: издания с 1957 года 2005-5/1688 877626